Beating the market (Record no. 112950)

MARC details
000 -LEADER
fixed length control field 02146cad a22002055a 4500
001 - CONTROL NUMBER
control field L154358
008 - FIXED-LENGTH DATA ELEMENTS--GENERAL INFORMATION
fixed length control field 111117s2011 xxk 000 0 eng d
035 ## - SYSTEM CONTROL NUMBER
System control number (Sirsi) u154358
041 0# - LANGUAGE CODE
Language code of text/sound track or separate title eng
110 2# - MAIN ENTRY--CORPORATE NAME
Corporate name or jurisdiction name as entry element EC Harris
9 (RLIN) 4930
245 00 - TITLE STATEMENT
Title Beating the market
Remainder of title 10 key opportunities in 2011
Medium [electronic resource]
260 ## - PUBLICATION, DISTRIBUTION, ETC.
Place of publication, distribution, etc. [S.l.]
Name of publisher, distributor, etc. ECHarris
Date of publication, distribution, etc. 2011
505 2# - FORMATTED CONTENTS NOTE
Formatted contents note Are your existing assets delivering optimum performance? -- Should you select the lowest priced tender? -- Are you delivering your major projects efficiently? -- Could you increase the value of your existing assets? -- Do your current deals provide best value? -- Is your project safe from supplier failure? -- Has your project got the optimum sustainability strategy? -- Is your project failing to deliver all expected benefits? -- How high could commodity prices rise? -- Are you backing the right projects?
520 ## - SUMMARY, ETC.
Summary, etc. Looks at the new construction challenges expected to emerge in 2011 in the Gulf Cooperation Council (GCC region). Political uncertainty following recent events in Tunisia, Egypt, Bahrain, Oman and Libya will provide challenges to the commercial viability of projects, although confidence provided by rising energy prices will provide the demand and opportunity to drive many more. Qatar's successful World Cup bid will unlock a long term investment programme, whilst elsewhere in the region, rapid population growth will create demand for housing, infrastructure and wider commercial development. As recovery in many GCC markets strengthens, 2011 will be a year when positive action will create conditions for success. Clients with a proactive approach to programme and project set-up, procurement and delivery will be best placed to secure value and viability. Those that assume that they can rely on weak demand to obtain best value may not obtain optimum results and may be taking unnecessary risks.
590 ## - LOCAL NOTE (RLIN)
Local note KA NTK
651 #4 - SUBJECT ADDED ENTRY--GEOGRAPHIC NAME
Geographic name MENEA
690 ## - LOCAL SUBJECT ADDED ENTRY--TOPICAL TERM (OCLC, RLIN)
Topical term or geographic name as entry element BUILT ENVIRONMENT-CONSTRUCTION MARKET
856 40 - ELECTRONIC LOCATION AND ACCESS
Uniform Resource Identifier <a href="https://www.echarris.com/pdf/7882B_Beat%20the%20market_AUG2011%20UPDATE.pdf">https://www.echarris.com/pdf/7882B_Beat%20the%20market_AUG2011%20UPDATE.pdf</a>
Public note View the item free of charge at www.echarris.com
942 ## - ADDED ENTRY ELEMENTS (KOHA)
Suppress in OPAC 0
Holdings
Withdrawn status Lost status Source of classification or shelving scheme Damaged status Not for loan Home library Current library Shelving location Date acquired Total Checkouts Full call number Barcode Date last seen Copy number Price effective from Koha item type
    Dewey Decimal Classification     Virtual Virtual Online 17/11/2011   ONLINE PUBLICATION 154358-2001 06/08/2019 1 06/08/2019 Book